000 00421nam a2200157Ia 4500
008 240126s9999 xx 000 0 und d
022 _a0972-7396
041 _aEnglish
082 _aLIBRARY-XVI
245 0 _aManufacturing Technology Today (2006 -
260 _bCMTI
_aBangalore
440 _aNULL
650 _aManufacturing,Today,(2006,-,Mechanical Engineering
650 _aMechanical Engineering
942 _cJN
999 _c273032
_d273032